| 000 -CABECERA |
| Longitud fija campo de control |
00785cam a2200205 i 4500 |
| 003 - IDENTIFICADOR DEL NÚMERO DE CONTROL |
| Identificador del número de control |
OSt |
| 005 - FECHA Y HORA DE LA ÚLTIMA TRANSACCIÓN |
| Fecha y hora de la última transacción |
20211123141105.0 |
| 008 - CÓDIGOS DE INFORMACIÓN DE LONGITUD FIJA |
| Códigos de información de longitud fija |
110926s2011 sp 000 0 spa |
| 020 ## - NÚMERO INTERNACIONAL NORMALIZADO PARA LIBROS |
| Número Internacional Normalizado para Libros (ISBN) |
9788483069417 |
| 040 ## - FUENTE DE LA CATALOGACIÓN |
| Centro catalogador de origen |
DLC |
| Lengua de catalogación |
eng |
| Centro transcriptor |
CDMR |
| 100 1# - PUNTO DE ACCESO PRINCIPAL-NOMBRE DE PERSONA |
| Nombre de persona |
Guillermoprieto, Alma, |
| 245 10 - MENCIÓN DE TÍTULO |
| Título |
Desde el país de nunca jamás / |
| Mención de responsabilidad, etc. |
Alma Guillermoprieto ; traducción de Margarita Valencia. |
| 264 #1 - PRODUCCIÓN, PUBLICACIÓN , DISTRIBUCIÓN, FABRICACIÓN Y COPYRIGHT |
| Lugar de producción, publicación, distribución, fabricación |
Barcelona : |
| Nombre del productor, editor, distribuidor, fabricante |
Debate, |
| Fecha de de producción, publicación, distribución, fabricación o copyright |
2011. |
| 300 ## - DESCRIPCIÓN FÍSICA |
| Extensión |
380 pàgines ; |
| Dimensiones |
22 cm. |
| 490 0# - MENCIÓN DE SERIE |
| Mención de serie |
La ficción real |
| 500 ## - NOTA GENERAL |
| Nota general |
Traduccions a l'espanyol d'articles publicats originalment en anglès a The Washington Post, The New Yorker i The New York Review of Books, 1980-2008. |
| 650 #0 - PUNTO DE ACCESO ADICIONAL DE MATERIA - TÉRMINO DE MATERIA |
| 9 (RLIN) |
797 |
| Término de materia o nombre geográfico como elemento inicial |
Reportatges literaris |
| 650 #0 - PUNTO DE ACCESO ADICIONAL DE MATERIA - TÉRMINO DE MATERIA |
| 9 (RLIN) |
4219 |
| Término de materia o nombre geográfico como elemento inicial |
Amèrica Llatina |
| Subdivisión cronológica |
1980-2008 |
| Subdivisión de materia general |
Cobertura periodística |
| 942 ## - ENTRADA DE ELEMENTOS AGREGADOS (KOHA) |
| Fuente de clasificaión o esquema |
|
| Koha [por defecto] tipo de item |
Monografies |